Trouvez la série par le personnage - Statistiques

Statistiques générales
  • Ce quiz a été pris 259 fois
  • Le résultat moyen est 10 sur 16
Statistiques - réponses
Par images Réponse % Correct
Mercredi
99%
Stranger Things
95%
La Casa de Papel
88%
Lucifer
87%
Prison Break
85%
Vikings
79%
Elite
73%
Peaky Blinders
73%
You
72%
Narcos
70%
Outer Banks
65%
The 100
63%
Alice in Borderland
53%
Top Boy
17%
Locke & Key
7%
Qui a tué Sara ?
7%
Aucun quiz correspondant
Distribution des résultats
% des personnes avec chaque résultat
Percentile par nombre de réponses
Votre historique - résultats
Vous n’avez pas pris ce quiz